Rāmāyaṇa ratnamāla. (Record no. 75184)
[ view plain ]
| 000 -LEADER | |
|---|---|
| fixed length control field | 00815cam a22002651 4500 |
| 001 - CONTROL NUMBER | |
| control field | sa 67005409 |
| 003 - CONTROL NUMBER IDENTIFIER | |
| control field | DLC |
| 005 - DATE AND TIME OF LATEST TRANSACTION | |
| control field | 20260227112357.0 |
| 008 - FIXED-LENGTH DATA ELEMENTS--GENERAL INFORMATION | |
| fixed length control field | 910827s1962 ii 000 0 telo |
| 010 ## - LIBRARY OF CONGRESS CONTROL NUMBER | |
| LC control number | sa 67005409 |
| 035 ## - SYSTEM CONTROL NUMBER | |
| System control number | (OCoLC)24299980 |
| 040 ## - CATALOGING SOURCE | |
| Original cataloging agency | DLC |
| Transcribing agency | WaU |
| Modifying agency | DLC |
| 041 1# - LANGUAGE CODE | |
| Language code of text/sound track or separate title | telsan |
| Language code of original | san |
| 042 ## - AUTHENTICATION CODE | |
| Authentication code | premarc |
| 050 00 - LIBRARY OF CONGRESS CALL NUMBER | |
| Classification number | PK3661.Z9 |
| Item number | S218 1962 |
| 100 2# - MAIN ENTRY--PERSONAL NAME | |
| Personal name | Srinivasa Sastri, V. S. |
| Fuller form of name | (Valangiman Sankaranarayana), |
| Dates associated with a name | 1869-1946. |
| 245 10 - TITLE STATEMENT | |
| Title | Rāmāyaṇa ratnamāla. |
| 260 ## - PUBLICATION, DISTRIBUTION, ETC. | |
| Date of publication, distribution, etc. | 1962. |
| 300 ## - PHYSICAL DESCRIPTION | |
| Extent | 2 v. |
| Dimensions | 22 cm. |
| 500 ## - GENERAL NOTE | |
| General note | Quotations and selections from the Rāmāyaṇa in Sanskrit; commentary in Telugu. |
| 500 ## - GENERAL NOTE | |
| General note | Translation of Lectures on the Ramayana. |
| 600 00 - SUBJECT ADDED ENTRY--PERSONAL NAME | |
| Personal name | Vālmīki. |
| Title of a work | Rāmāyaṇa. |
| 700 0# - ADDED ENTRY--PERSONAL NAME | |
| Personal name | Vālmīki. |
| Title of a work | Rāmāyaṇa. |
| 700 1# - ADDED ENTRY--PERSONAL NAME | |
| Personal name | Vēnkatarāmayya, Puccā. |
No items available.